| 000 | 00590nam a2200193Ia 4500 | ||
|---|---|---|---|
| 001 | 11234 | ||
| 003 | GE_BSU | ||
| 008 | 181216s||||||||xx |||||||||||||| ||und|| | ||
| 040 | _cGE_BSU | ||
| 080 | _a631.44(479.22) | ||
| 100 | _aპეტრიაშვილი როსტომ | ||
| 245 | _aმესხეთის ნიადაგები | ||
| 260 | _aთბილისი | ||
| 260 | _bსაბჭოთა საქართველო. | ||
| 260 | _c1975 | ||
| 300 | _a113გვ.20სმ. | ||
| 653 | _aმესხეთის ნიადაგები | ||
| 942 | _cBK | ||
| 999 |
_c44465 _d44465 |
||